01290nam0a22002171 4500001001100000005001700011021001900028035002600047100004100073101000800114102000700122105001800129200058100147210003500728215001500763606012700778712010700905801001801012801002201030852002001052rc\458700320260408030703.0 aRUb[64-61072] a(NLR Aleph) 008659597 a20130416d1964 |||y0rusy50 ca0 arus aRU ay z |||||1 aМетодические рекомендации для разработки предложений по специализации и концентрации сельскохозяйственного производства совхозов и колхозов Казахской ССРfГосплан КазССР. М-во сел. хозяйства КазССР. М-во производства и заготовок с.-х. продуктов КазССР. М-во орошаемого земледелия и водного хозяйства КазССР aАлма-АтаcБ. и.d1964 a18 с.d20 aСельское хозяйствоyКазахская ССРxРазмещение и специализация2psbo01aКазССРbГосударственная плановая комиссия3RU\NLR\AUTH\8810188500 0aRUbNLRgpsbo 1aRUbELAR2rusmarc aNLRj64-4/13427